000 00215 a2200109 4500
020 _a9780310733898
041 _aeng
100 _ajones,sally
245 _ababy wren and the great gift
942 _cBK
952 _71
999 _c18723
_d18723